|
|
|
|
| LEADER |
00000n m0a2200000 4500 |
| 001 |
47429 |
| 005 |
20231031030134.0 |
| 010 |
|
|
|a 5060006387
|
| 035 |
|
|
|a (RuTPU)RU\TPU\book\49529
|
| 090 |
|
|
|a 47429
|
| 100 |
|
|
|a 20030206d1991 m y0rusy50 ca
|
| 101 |
0 |
|
|a rus
|
| 102 |
|
|
|a RU
|
| 105 |
|
|
|a a j 001zy
|
| 200 |
1 |
|
|a Общая гидрология
|e учебник
|f В. Н. Михайлов, А. Д. Добровольский
|
| 210 |
|
|
|a Москва
|c Высшая школа
|d 1991
|
| 215 |
|
|
|a 367 с.
|c ил.
|
| 320 |
|
|
|a Библиогр.: с. 355-356.
|
| 320 |
|
|
|a Предм. указ.: с. 357-363.
|
| 451 |
|
1 |
|0 (RuTPU)RU\TPU\book\88670
|y 5-06-004797-0
|t Гидрология
|o учебник
|f В. Н. Михайлов, А. Д. Добровольский, С. А. Добролюбов
|g Московский государственный университет им. М. В. Ломоносова
|c М.
|n Высшая школа
|d 2005
|p 463 с.
|s Классический университетский учебник
|a Михайлов, Вадим Николаевич
|
| 610 |
1 |
|
|a гидрология
|
| 610 |
1 |
|
|a учебники
|
| 610 |
1 |
|
|a воды природные
|
| 610 |
1 |
|
|a свойства
|
| 610 |
1 |
|
|a гидрологические процессы
|
| 610 |
1 |
|
|a круговорот
|
| 610 |
1 |
|
|a водные ресурсы
|
| 610 |
1 |
|
|a Земля
|
| 610 |
1 |
|
|a ледники
|
| 610 |
1 |
|
|a воды подземные
|
| 610 |
1 |
|
|a реки
|
| 610 |
1 |
|
|a озера
|
| 610 |
1 |
|
|a водохранилища
|
| 610 |
1 |
|
|a болота
|
| 610 |
1 |
|
|a океаны
|
| 610 |
1 |
|
|a моря
|
| 675 |
|
|
|a 556(075.8)
|v 3
|
| 700 |
|
1 |
|a Михайлов
|b В. Н.
|g Вадим Николаевич
|
| 701 |
|
1 |
|a Добровольский
|b А. Д.
|g Алексей Дмитриевич
|
| 801 |
|
1 |
|a RU
|b 63413507
|c 20030206
|g PSBO
|
| 801 |
|
2 |
|a RU
|b 63413507
|c 20140702
|g PSBO
|
| 900 |
|
|
|a Основы гидравлики, гидрологии и гидрометрии
|
| 900 |
|
|
|a Общая гидрогеология
|
| 900 |
|
|
|a Науки о Земле
|
| 942 |
|
|
|c BK
|